African Countries with 20 Million People - Sudden Death - Statistics

General Stats
  • This quiz has been taken 363 times
  • The average score is 8 of 23
Answers on the Grid
Answers color-coded by a green-red scale on the quiz's grid according to % correct below.
Algeria
Angola
Benin
Botswana
Burkina Faso
Burundi
Cameroon
Cape Verde
Central African
Republic
Chad
Comoros
Democratic Republic of
the Congo
Djibouti
Egypt
Equatorial Guinea
Eritrea
Eswatini
Ethiopia
Gabon
Gambia
Ghana
Guinea
Guinea-Bissau
Ivory Coast
Kenya
Lesotho
Liberia
Libya
Madagascar
Malawi
Mali
Mauritania
Mauritius
Morocco
Mozambique
Namibia
Niger
Nigeria
Republic of
the Congo
Rwanda
São Tomé and
Principe
Senegal
Seychelles
Sierra Leone
Somalia
South Africa
South Sudan
Sudan
Tanzania
Togo
Tunisia
Uganda
Zambia
Zimbabwe
 
Answer Stats
Answer % Correct
Egypt
68%
Algeria
67%
Democratic Republic of
the Congo
66%
Ethiopia
57%
Nigeria
56%
South Africa
51%
Angola
49%
Kenya
47%
Tanzania
40%
Morocco
35%
Uganda
35%
Sudan
33%
Ghana
32%
Cameroon
27%
Niger
25%
Ivory Coast
22%
Madagascar
19%
Mozambique
19%
Mali
16%
Chad
14%
Zambia
12%
Burkina Faso
11%
Malawi
6%
No matching quizzes found
Score Distribution
Percent of People with Each Score
Percentile by Number Answered
Your Score History
You have not taken this quiz